00300nam a2200085Ia 4500008004100000082001700041100003200058245011100090300001300201230907s9999||||xx |||||||||||||| ||und|| a620.116bVOL aVolfkovich, Yury Mironovich 0aStructural properties of porous materials and powders used in different fields of science and technology / apages cm